000 00212nam a22000857a 4500
008 170104b xxu||||| |||| 00| 0 eng d
100 _92271
_aMisra.O.K
245 _aGood Enlish Reader-3
260 _aNew Delhi
_bNP
_c2009
999 _c5158
_d5158